| 000 | 00492nam a2200169Ia 4500 | ||
|---|---|---|---|
| 999 |
_c31354 _d31354 |
||
| 003 | OSt | ||
| 005 | 20211112114307.0 | ||
| 008 | 190216s9999||||xx |||||||||||||| ||und|| | ||
| 040 | _coclc | ||
| 082 |
_a510 _bJOS/F |
||
| 100 |
_aJoshi, K D _93777 |
||
| 245 | 0 |
_aFoundations Of Discrete Mathematics / _cK D Joshi |
|
| 260 |
_bNew Age International Publishers, _c1989. _aNew Delhi: |
||
| 300 | _a748p | ||
| 650 | _aMathematics | ||
| 942 |
_cBK _2ddc _h510 _iJOS/F _k510 _mJOS/F |
||